header

The no-nonsense guide to democracy (Record no. 50382)

MARC details
000 -LEADER
fixed length control field 01329nam a2200349Ia 4500
100 1# - MAIN ENTRY--AUTHOR NAME
Personal name Swift, Richard.
245 14 - TITLE STATEMENT
Title The no-nonsense guide to democracy
250 ## - EDITION STATEMENT
Edition statement Fully rev. and updated.
260 ## - PUBLICATION, DISTRIBUTION, ETC. (IMPRINT)
Place of publication Oxford, UK :
Name of publisher New Internationalist,
Year of publication 2010.
300 ## - PHYSICAL DESCRIPTION
Number of Pages 152 p. :
Other physical details ill., map.
490 1# - SERIES STATEMENT
Series statement No-nonsense guides
500 ## - GENERAL NOTE
General note Previous ed.: London: Verso, 2002.
650 #0 - SUBJECT ADDED ENTRY--TOPICAL TERM
Topical Term Democracy.
Topical Term Democracy
856 40 - ELECTRONIC LOCATION AND ACCESS
Uniform Resource Identifier http://site.ebrary.com/lib/rucke/Doc?id=10627418

No items available.

© 2026 Rongo University
Contact us: librarian | system librarian | Rongo university